| 000 | 00410 a2200145 4500 | ||
|---|---|---|---|
| 999 |
_c6043 _d6043 |
||
| 020 | _a9788188458080 | ||
| 050 | _aTA 710 UPA 2008 | ||
| 100 |
_aUpadhyay, A. K _eAuthor |
||
| 245 |
_aSoil and foundation engineering / _cA. K Upadhyay |
||
| 264 |
_aNew Delhi: _bS. K. Kataria and Sons, _c2008 |
||
| 300 |
_a298p. : _bill. |
||
| 500 | _aIncludes index | ||
| 650 | _aSoil engineering | ||
| 942 |
_2lcc _cBK _h710 _iUPA _kTA |
||